Discriminatory laws undermining women’s rights In-depth analysis /

Bibliographic Details
Main Author: Devrim, Deniz
Other Authors: Blomeyer, Roland, Dalton, Paul, Mut-Tracy, Senni
Format: eBook
Language:English
Published: Bruselas: European Union Publications Office, 2020
Subjects:
Online Access:Acceso restringido

MARC

LEADER 00000nam a22000007a 4500
005 20210907220447.0
007 cr|||| ||||
008 210907s2020 eu |||||s|||| 00||0 eng d
020 |a 978-92-846-6734-5 
035 |a 34286 
040 |a vLex 
090 |c 12302  |d 12302 
100 1 |a Devrim, Deniz 
245 1 0 |a Discriminatory laws undermining women’s rights  |h [Recurso electrn̤ico] :  |b In-depth analysis /  |c Deniz Devrim, Roland Blomeyer, Paul Dalton, Senni Mut-Tracy 
256 |a Servicio en ln̕ea 
260 |a Bruselas:  |b European Union Publications Office,  |c 2020 
300 |a 1 recurso electrn̤ico 
506 1 |a Disponible solo en los productos indicados  |d vLex Global  |d vLex Global (Academic Edition, excluding Law Schools)  |d vLex Global (U.S. Academic Edition, Law Schools)  |d vLex Global (U.S. Academic Edition, excluding Law Schools)  |d vLex Global (Academic Edition, Law Schools) 
650 0 4 |a Derecho Comunitario  |z Unin̤ Europea 
650 0 4 |a Derecho Constitucional  |z Unin̤ Europea 
700 1 |a Blomeyer, Roland 
700 1 |a Dalton, Paul 
700 1 |a Mut-Tracy, Senni 
740 0 |a vLex Libros (Servicio en ln̕ea) 
856 4 0 |u https://app.vlex.com/#/sources/34286  |z Acceso restringido 
942 |c BOOK 
999 0 |a Community Law 
999 0 |a Constitutional Law